| 000 -LEADER |
| fixed length control field |
00575cam a22001814a 4500 |
| 020 ## - INTERNATIONAL STANDARD BOOK NUMBER |
| ISBN |
0805833331 (alk. paper) |
| 040 ## - CATALOGING SOURCE |
| Transcribing agency |
DLC |
| 082 00 - DEWEY DECIMAL CLASSIFICATION NUMBER |
| Classification number |
658 LAW 2001 A056 Or. |
| 245 00 - TITLE STATEMENT |
| Title |
Organizational cognition : |
| Remainder of title |
computation and interpretation / |
| 260 ## - PUBLICATION, DISTRIBUTION, ETC. (IMPRINT) |
| Place of publication |
Mahwah, N.J. : |
| Name of publisher |
Lawrence Erlbaum Associates, |
| Year of publication |
2001 |
| 300 ## - PHYSICAL DESCRIPTION |
| Number of Pages |
xiii, 389 p. : |
| Other physical details |
ill. ; |
| Dimensions |
24 cm. |
| 650 #0 - SUBJECT ADDED ENTRY--TOPICAL TERM |
| Topical Term |
Knowledge management. |
| 650 #0 - SUBJECT ADDED ENTRY--TOPICAL TERM |
| Topical Term |
Decision making. |
| 700 1# - ADDED ENTRY--PERSONAL NAME |
| Personal name |
Lant, Theresa K. |
| 700 1# - ADDED ENTRY--PERSONAL NAME |
| Personal name |
Shapira, Zur. |
| 856 42 - ELECTRONIC LOCATION AND ACCESS |
| Uniform Resource Identifier |
http://www.loc.gov/catdir/enhancements/fy0634/99047155-d.html |
| 942 ## - ADDED ENTRY ELEMENTS (KOHA) |
| Koha item type |
សៀវភៅភាសាអង់គ្លេស |
| 952 ## - LOCATION AND ITEM INFORMATION (KOHA) |
| Withdrawn status [LOCAL, KOHA] |
0 |